MyGZULibrary

Language acquisition by eye / (Record no. 2205)

MARC details
000 -LEADER
fixed length control field 01251cam a22003134a 4500
001 - CONTROL NUMBER
control field 1686162
003 - CONTROL NUMBER IDENTIFIER
control field GZU
005 - DATE AND TIME OF LATEST TRANSACTION
control field 20201028095253.0
008 - FIXED-LENGTH DATA ELEMENTS--GENERAL INFORMATION
fixed length control field 990421s2000 njua b 001 0 eng
010 ## - LIBRARY OF CONGRESS CONTROL NUMBER
LC control number 99030894
020 ## - INTERNATIONAL STANDARD BOOK NUMBER
International Standard Book Number 0805829377 (cloth : alk. paper)
040 ## - CATALOGING SOURCE
Original cataloging agency DLC
Transcribing agency DLC
Modifying agency DLC
042 ## - AUTHENTICATION CODE
Authentication code pcc
050 00 - LIBRARY OF CONGRESS CALL NUMBER
Classification number HV2474
Item number .L33 2000
082 00 - DEWEY DECIMAL CLASSIFICATION NUMBER
Classification number 419
Edition number 21
245 00 - TITLE STATEMENT
Title Language acquisition by eye /
Statement of responsibility, etc. edited by Charlene Chamberlain, Jill P. Morford, Rachel I. Mayberry.
260 ## - PUBLICATION, DISTRIBUTION, ETC.
Place of publication, distribution, etc. Mahwah, N.J. :
Name of publisher, distributor, etc. Lawrence Erlbaum Associates,
Date of publication, distribution, etc. 2000.
300 ## - PHYSICAL DESCRIPTION
Extent xvii, 276 p. :
Other physical details ill. ;
Dimensions 24 cm.
504 ## - BIBLIOGRAPHY, ETC. NOTE
Bibliography, etc. note Includes bibliographical references and indexes.
650 #0 - SUBJECT ADDED ENTRY--TOPICAL TERM
Topical term or geographic name entry element Sign language.
650 #0 - SUBJECT ADDED ENTRY--TOPICAL TERM
Topical term or geographic name entry element Language acquisition.
700 1# - ADDED ENTRY--PERSONAL NAME
Personal name Chamberlain, Charlene.
700 1# - ADDED ENTRY--PERSONAL NAME
Personal name Morford, Jill Patterson,
Dates associated with a name 1963-
700 1# - ADDED ENTRY--PERSONAL NAME
Personal name Mayberry, Rachel I.
856 42 - ELECTRONIC LOCATION AND ACCESS
Materials specified Publisher description
Uniform Resource Identifier <a href="http://www.loc.gov/catdir/enhancements/fy0709/99030894-d.html">http://www.loc.gov/catdir/enhancements/fy0709/99030894-d.html</a>
906 ## - LOCAL DATA ELEMENT F, LDF (RLIN)
a 7
b cbc
c orignew
d 1
e ocip
f 19
g y-gencatlg
942 ## - ADDED ENTRY ELEMENTS (KOHA)
Source of classification or shelving scheme Library of Congress Classification
Koha item type Books
Classification part 2474
Item part LAN
Call number prefix HV
Call number suffix 1999
Holdings
Withdrawn status Lost status Damaged status Not for loan Collection code Home library Current library Shelving location Date acquired Total Checkouts Full call number Barcode Date last seen Copy number Price effective from Koha item type
        Non-fiction City Campus Library City Campus Library General Stacks 10/28/2020   HV2474 LAN 1999 000084 10/28/2020 c.1 10/28/2020 Books